000 00608nam a2200241 a 4500
001 nice12345678
003 IN_TiNIC
005 20260116011603.0
008 050524s1936 oxfa grp 000 0 eng
020 _a
_c100
082 0 0 _a017.927
_bARB
100 _aArberry, A J
245 _aCatalogue of the Arabic Manuscript, Sufism and Ethics, Vol.2
260 _aOxford
_bOxford University Press
_c1936
300 _a198p
500 _aincludes index and biblioraphy
505 2 _aIndex
650 _aCatalogue-Arabic
700 1 _aArberry, A J
902 _bSRS
942 _cBK
999 _c2764
_d2764